000 00423nab a2200145Ia 4500
003 ES-SlBCS
005 20210601125456.0
008 140529s1989-90 xxu||||| |||| 00| 0 eng d
041 _aeng
100 1 _aHarris, Errol E.
_9137963
245 0 0 _aHegel and Siemens on Identity
_c Errol E. Harris
600 1 4 _aHegel-Siemens
_9159086
773 0 _tReview of Methaphysics
_gvol. 43, 1989-90, págs. 133-144
_wRev843
942 _cAR
999 _c530939
_d530939